MARC

LEADER 00000nam0a2200000 4500
001 255738
005 20231101233043.0
035 |a (RuTPU)RU\TPU\book\278267 
035 |a RU\TPU\book\278228 
090 |a 255738 
100 |a 20140401d1958 m y0rusy50 ca 
101 0 |a rus 
102 |a RU 
105 |a a j 000zy 
200 1 |a Сборник задач по курсу математического анализа  |e учебное пособие для вузов  |f Г. Н. Берман  |g под ред. А. Ф. Берманта 
205 |a 8-е изд., стер. 
210 |a Москва  |c Государственное изд-во физико-математической литературы  |d 1958 
215 |a 436 с.  |c черт. 
451 1 |0 (RuTPU)RU\TPU\book\55424  |t Сборник задач по курсу математического анализа  |o учебное пособие для вузов  |f Г. Н. Берман  |e 17-е изд.  |c М.  |n Наука  |d 1971  |p 416 с.  |a Берман, Георгий Николаевич 
606 1 |a Математический анализ  |2 stltpush  |3 (RuTPU)RU\TPU\subj\41236  |9 61042 
610 1 |a функции 
610 1 |a предел функции 
610 1 |a производные 
610 1 |a дифференциальные исчисления 
610 1 |a интегралы 
610 1 |a ряды 
610 1 |a дифференциальные уравнения 
610 1 |a тригонометрические ряды 
610 1 |a задачи 
610 1 |a учебные пособия 
675 |a 517(076)  |v 3 
700 1 |a Берман  |b Г. Н.  |g Георгий Николаевич 
702 1 |a Бермант  |b А. Ф.  |4 340 
801 1 |a RU  |b 63413507  |c 20050921  |g PSBO 
801 2 |a RU  |b 63413507  |c 20200825  |g PSBO 
942 |c BK